Sports Quiz

Random Sports or Italian Quiz

Most capped italian players Quiz Stats

 Plays Quiz not verified by Sporcle

Challenge
Share
Tweet
Embed
Score 0/180 Timer 15:00
0 Plays Today
names % Correct
Paolo Maldini
95.6%
Gianluigi Buffon
95.6%
Lorenzo Buffon
95.6%
Dino Zoff
91.1%
Gianfranco Zola
88.9%
Alessandro Del Piero
86.7%
Dino Baggio
86.7%
Daniele De Rossi
86.7%
Francesco Totti
86.7%
Roberto Baggio
86.7%
Fabio Cannavaro
86.7%
Franco Baresi
84.4%
Paolo Rossi
84.4%
Giuseppe Baresi
84.4%
Giuseppe Rossi
84.4%
Gennaro Gattuso
82.2%
Andrea Pirlo
82.2%
Alessandro Nesta
80%
Christian Vieri
77.8%
Gianluca Vialli
75.6%
Gianluca Pagliuca
75.6%
Demetrio Albertini
73.3%
Alessandro Costacurta
71.1%
Angelo Peruzzi
71.1%
Giuseppe Bergomi
68.9%
Filippo Inzaghi
68.9%
Fabio Grosso
68.9%
Pietro Rava
68.9%
Luca Toni
66.7%
Luigi Riva
66.7%
Gianluca Zambrotta
64.4%
Roberto Donadoni
64.4%
Gianni Rivera
64.4%
Fabrizio Ravanelli
64.4%
Marco Tardelli
62.2%
Massimo Ambrosini
62.2%
Francesco Toldo
62.2%
Walter Zenga
60%
Marco Materazzi
60%
Christian Panucci
57.8%
Angelo Di Livio
57.8%
Gaetano Scirea
55.6%
Claudio Gentile
55.6%
Alessandro Altobelli
55.6%
Antonio Conte
55.6%
Alessandro Mazzola
53.3%
Giuseppe Meazza
53.3%
Bruno Conti
53.3%
Pietro Vierchowod
53.3%
Antonio Di Natale
53.3%
Roberto Mancini
53.3%
Leopoldo Conti
53.3%
Luigi Di Biagio
53.3%
Antonio Cassano
53.3%
Mauro Camoranesi
51.1%
Roberto Di Matteo
51.1%
Carlo Ancelotti
51.1%
Giacinto Facchetti
48.9%
Giorgio Chiellini
48.9%
Giuseppe Signori
48.9%
names % Correct
Gianluca Pessotto
48.9%
Ciro Ferrara
46.7%
Vincenzo Iaquinta
46.7%
Simone Perrotta
44.4%
Alberto Gilardino
44.4%
Massimo Oddo
44.4%
Antonio Cabrini
42.2%
Francesco Graziani
42.2%
Pierluigi Casiraghi
42.2%
Nicola Berti
42.2%
Marco Delvecchio
42.2%
Vincenzo Montella
40%
Mark Iuliano
40%
Enrico Chiesa
40%
Salvatore Schillaci
40%
Giuseppe Giannini
37.8%
Aldo Serena
37.8%
Antonio Benarrivo
37.8%
Riccardo Montolivo
37.8%
Fabio Capello
35.6%
Andrea Barzagli
35.6%
Daniele Massaro
35.6%
Franco Causio
33.3%
Riccardo Ferri
33.3%
Giovanni Galli
33.3%
Attilio Lombardo
33.3%
Alberigo Evani
33.3%
Giancarlo Antognoni
31.1%
Fernando De Napoli
31.1%
Roberto Bettega
31.1%
Diego Fuser
31.1%
Damiano Tommasi
31.1%
Roberto Boninsegna
31.1%
Luigi Apolloni
31.1%
Giovanni Ferrari
28.9%
Silvio Piola
28.9%
Cristiano Zanetti
28.9%
Stefano Fiore
26.7%
Enrico Albertosi
26.7%
Simone Pepe
26.7%
Francesco Coco
26.7%
Tarcisio Burgnich
24.4%
Fulvio Collovati
24.4%
Fabio Quagliarella
24.4%
Cristian Zaccardo
24.4%
Nicola Legrottaglie
24.4%
Giampiero Boniperti
22.2%
Luigi De Agostini
22.2%
Angelo Palombo
22.2%
Simone Barone
22.2%
Raimundo Orsi
20%
Gabriele Oriali
20%
Pietro Anastasi
20%
Stefano Eranio
20%
Giovanni De Pra
20%
Giovanni Trapattoni
20%
Salvatore Bagni
17.8%
Daniele Bonera
17.8%
Giampiero Combi
15.6%
Giancarlo De Sisti
15.6%
names % Correct
Giuseppe Pancaro
15.6%
Amedeo Carboni
15.6%
Romeo Benetti
13.3%
Mario Bertini
13.3%
Angelo Schiavio
13.3%
Antonio Juliano
13.3%
Luisito Monti
13.3%
Giuseppe Dossena
11.1%
Roberto Rosato
11.1%
Attilio Ferraris
11.1%
Mario Corso
11.1%
Virginio Rosetta
8.9%
Eraldo Monzeglio
8.9%
Mauro Bellugi
8.9%
Giacomo Bulgarelli
8.9%
Luigi Allemandi
8.9%
Ivano Bordon
8.9%
Aristide Guarneri
8.9%
Claudio Sala
8.9%
Giovanni Lodetti
8.9%
Umberto Caligaris
6.7%
Adolfo Baloncieri
6.7%
Sandro Salvadore
6.7%
Gino Colaussi
6.7%
Renato Zaccarelli
6.7%
Alfredo Foni
6.7%
Paolino Pulici
6.7%
Pierluigi Cera
6.7%
Sergio Cervato
4.4%
Virginio Felice Levratto
4.4%
Luigi Bertolini
4.4%
Aldo Olivieri
4.4%
Ugo Locatelli
4.4%
Bruno Mora
4.4%
Ardico Magnini
4.4%
Amedeo Biavati
4.4%
Francesco Rocca
4.4%
Julio Libonatti
4.4%
Riccardo Carapellese
4.4%
Renzo De Vecchi
2.2%
Angelo Domeghini
2.2%
Luigi Cevenini
2.2%
Mario Magnozzi
2.2%
Alfredo Pitto
2.2%
Michele Andreolo
2.2%
Fulvio Bernardini
2.2%
Raffaele Costantino
2.2%
Antonio Janni
2.2%
Ottavio Barbieri
2.2%
Egisto Pandolfini
2.2%
Giampiero Manini
2.2%
Armando Segato
2.2%
Luigi Burlando
2.2%
Luciano Spinosi
2.2%
Carlo Annovazzi
2.2%
Giuseppe Chiappella
2.2%
Massimo Crippa
2.2%
Giuseppe Della Valle
2.2%
Ezio Pascutti
2.2%
Pietro Serantoni
2.2%

You're not logged in!

Compare scores with friends on all Sporcle quizzes.
OR
Log In

You Might Also Like...

Show Comments

Extras

Created Oct 12, 2010ReportNominate
Tags:Italian Quiz, capped, player

Top Quizzes Today


Score Distribution

Your Account Isn't Verified!

In order to create a playlist on Sporcle, you need to verify the email address you used during registration. Go to your Sporcle Settings to finish the process.

Report this User

Report this user for behavior that violates our Community Guidelines.

Details: